Los próximos cincuenta años : (Registro nro. 41456)
[ vista simple ]
| 000 -LEADER | |
|---|---|
| fixed length control field | 01384cam a2200373 i 4500 |
| 001 - CONTROL NUMBER | |
| control field | 41456 |
| 003 - CONTROL NUMBER IDENTIFIER | |
| control field | Mx-PuUPA |
| 005 - DATE AND TIME OF LATEST TRANSACTION | |
| control field | 20250521130237.0 |
| 008 - FIXED-LENGTH DATA ELEMENTS--GENERAL INFORMATION | |
| fixed length control field | 140415s2004 sp gr 000 0 spa d |
| 017 ## - COPYRIGHT OR LEGAL DEPOSIT NUMBER | |
| Copyright or legal deposit number | B-21.597/2004 |
| 020 ## - INTERNATIONAL STANDARD BOOK NUMBER | |
| International Standard Book Number | 8472455718 |
| 040 ## - CATALOGING SOURCE | |
| Original cataloging agency | Mx-PuUPA |
| Language of cataloging | spa |
| Transcribing agency | Mx-PuUPA |
| Modifying agency | Mx-PuUPA |
| Description conventions | rda |
| 041 1# - LANGUAGE CODE | |
| Language code of text/sound track or separate title | spa |
| Language code of original | eng |
| 240 14 - UNIFORM TITLE | |
| Uniform title | The next fifty years. |
| Language of a work | Español. |
| 245 04 - TITLE STATEMENT | |
| Title | Los próximos cincuenta años : |
| Remainder of title | el conocimiento humano en la primera mitad del siglo XXI / |
| Statement of responsibility, etc. | Edición a cargo de John Brockman ; traducción de Eugenia Vázquez Nacarino y Miguel Martínez-Lage |
| 250 ## - EDITION STATEMENT | |
| Edition statement | Primera edición / |
| Remainder of edition statement | mayo |
| 264 #1 - PRODUCTION, PUBLICATION, DISTRIBUTION, MANUFACTURE, AND COPYRIGHT NOTICE | |
| Place of production, publication, distribution, manufacture | Barcelona : |
| Name of producer, publisher, distributor, manufacturer | Editorial Kairós, |
| Date of production, publication, distribution, manufacture, or copyright notice | ©2004 |
| 300 ## - PHYSICAL DESCRIPTION | |
| Extent | 371 páginas ; |
| Dimensions | 20 cm |
| 336 ## - CONTENT TYPE | |
| Fuente | rdacontent |
| Content type term | texto |
| Content type code | txt |
| 337 ## - MEDIA TYPE | |
| Source | rdamedia |
| Media type term | sin medio |
| Media type code | n |
| 338 ## - CARRIER TYPE | |
| Source | rdacarrier |
| Carrier type term | volumen |
| Carrier type code | nc |
| 490 ## - SERIES STATEMENT | |
| Series statement | Nueva Ciencia |
| 650 #7 - SUBJECT ADDED ENTRY--TOPICAL TERM | |
| Source of heading or term | armarc |
| Topical term or geographic name entry element | Ciencias |
| General subdivision | Predicciones |
| 650 #7 - SUBJECT ADDED ENTRY--TOPICAL TERM | |
| Source of heading or term | armarc |
| Topical term or geographic name entry element | Predicciones |
| Chronological subdivision | Siglo XXI |
| 650 #7 - SUBJECT ADDED ENTRY--TOPICAL TERM | |
| Source of heading or term | armarc |
| Topical term or geographic name entry element | Desarrollo científico y tecnológico |
| 650 #7 - SUBJECT ADDED ENTRY--TOPICAL TERM | |
| Source of heading or term | armarc |
| Topical term or geographic name entry element | Filosofía de la ciencia |
| 700 1# - ADDED ENTRY--PERSONAL NAME | |
| Personal name | Brockman, John, |
| Relator term | editor |
| 700 1# - ADDED ENTRY--PERSONAL NAME | |
| Personal name | Vázquez Nacarino, Eugenia, |
| Relator term | traductor |
| 700 1# - ADDED ENTRY--PERSONAL NAME | |
| Personal name | Martínez-Lage, Miguel, |
| Relator term | traductor |
| 765 0# - ORIGINAL LANGUAGE ENTRY | |
| Main entry heading | Brockman, John, |
| Title | The next fifty years. |
| 942 ## - ADDED ENTRY ELEMENTS (KOHA) | |
| Source of classification or shelving scheme | Dewey Decimal Classification |
| Koha item type | Libro |
| Classification part | 501.5 |
| Item part | P6218 |
| Withdrawn status | Lost status | Source of classification or shelving scheme | Damaged status | Not for loan | Collection code | Home library | Current library | Shelving location | Date acquired | Source of acquisition | Total Checkouts | Full call number | Barcode | Date last seen | Price effective from | Koha item type |
|---|---|---|---|---|---|---|---|---|---|---|---|---|---|---|---|---|
| Dewey Decimal Classification | General | Centro de Estudios en Ciencia y Religión | Centro de Estudios en Ciencia y Religión | Sala general | 03/12/2013 | 501.5 P6218 2004 | 46781 | 05/01/2026 | 03/12/2013 | Libro |